000 01270nam0a2200325 4500
001 RU\NLR\bibl\906290
005 20250614181906.0
010 _a5-353-02108-8
_95000
021 _aRU
_b2005-77542
_93823
035 _a(NLR Aleph) 000894682
090 _a1740160
_c1740160
100 _a20060210d2005 |||y0rusy50 ca
101 1 _arus
_ceng
102 _aRU
105 _aa |||||||||
200 1 _aЖиви со вкусом
_eпродукты и кулинарные рецепты для поддержания душевного равновесия
_fМайкл Т. Айзек, Мария б. Айзек
_gпер. с англ. д.б.н. В.С. Громова
210 _aМосква
_cРосмэн
_cРоссмэн-Пресс
_d2005
215 _a128 с.
_cцв. ил.
_d26
300 _aНа обл. авт. не указаны
320 _aУказатель: с. 126-127
606 1 _aНервные болезни
_xЛечебное питание
_92367269
_3RU\NLR\auth\661413185
686 _aЛ996
686 _aР62-51
700 1 _aАйзек
_bМ. Т.
_gМайкл Т.
_4070
701 1 _aАйзек
_bМ. Б.
_gМария Б.
_4070
801 0 _aRU
_bNLR
_c20060210
_grcr
801 1 _aRU
_bNLR
_c20060210
942 _cBOOK
980 _aNB